Mahaveer Lachit Borphukan/ (Record no. 12175)

MARC details
000 -LEADER
fixed length control field 00574nam a22002057a 4500
005 - DATE AND TIME OF LATEST TRANSACTION
control field 20250324093323.0
008 - FIXED-LENGTH DATA ELEMENTS--GENERAL INFORMATION
fixed length control field 250324b |||||||| |||| 00| 0 eng d
020 ## - INTERNATIONAL STANDARD BOOK NUMBER
International Standard Book Number 9789395542715
040 ## - CATALOGING SOURCE
Original cataloging agency IN-DiNC
Transcribing agency IN-DiNC
041 ## - LANGUAGE CODE
Language code of sung or spoken text Assamese
082 ## - DEWEY DECIMAL CLASSIFICATION NUMBER
Classification number 920
Item number DUT
100 ## - MAIN ENTRY--PERSONAL NAME
Personal name Dutta, Arup Kumar
Relator term Author
245 ## - TITLE STATEMENT
Title Mahaveer Lachit Borphukan/
Statement of responsibility, etc. by Arup Kumar Dutta
250 ## - EDITION STATEMENT
Edition statement 2nd print
260 ## - PUBLICATION, DISTRIBUTION, ETC.
Place of publication, distribution, etc. Guwahati:
Name of publisher, distributor, etc. Publication board Assam,
Date of publication, distribution, etc. 2024.
300 ## - PHYSICAL DESCRIPTION
Extent 196p.
650 ## - SUBJECT ADDED ENTRY--TOPICAL TERM
Topical term or geographic name entry element Life sketch of Lachit Borphukan
700 ## - ADDED ENTRY--PERSONAL NAME
Personal name Talukdar, Suren
Relator term Translator
942 ## - ADDED ENTRY ELEMENTS (KOHA)
Source of classification or shelving scheme Dewey Decimal Classification
Koha item type Books
Holdings
Withdrawn status Lost status Source of classification or shelving scheme Damaged status Not for loan Collection code Home library Current library Shelving location Date acquired Cost, normal purchase price Total Checkouts Full call number Barcode Date last seen Copy number Price effective from Koha item type
    Dewey Decimal Classification     Assamese Naharkatiya College Library Naharkatiya College Library General Stacks 24/03/2025 490.00   920 DUT 30424 24/03/2025 1 24/03/2025 Books
    Dewey Decimal Classification     Assamese Naharkatiya College Library Naharkatiya College Library General Stacks 24/03/2025 490.00   920 DUT 30425 24/03/2025 2 24/03/2025 Books

Naharkatiya College © 2020. All rights reserved.

Powered By